Recycled plots - The Hangover Quiz: Part I vs Part II - Statistics

General Stats
  • This quiz has been taken 152 times
    31 since last reset
  • The average score is 28 of 60
Answer Stats
# Situation The Hangover (Part I) The Hangover Part II % Correct
1 The wolfpack travels to… Las Vegas Thailand
96%
3 They decide to celebrate, and the last person invited is… Alan Teddy
87%
2 Because ___ is getting merried. Doug Stu
87%
2 Stu
87%
1 Thailand
83%
8 When they wake up, Stu looks in the mirror, to find has… Lost a {tooth} Got a {tattoo}
78%
8 Got a {tattoo}
74%
9.1 #1 Also with them is a… *animal tiger monkey
74%
10 They realize _____ is missing. Doug Teddy
70%
9.1 monkey
70%
0 the coast of {Thailand} and {Bangkok}
70%
11 They discover Alan drugged them with… Rohypnol muscle relaxers and ADHD medication
65%
20.1 What movie line is the clue? If you take Roofies, you're more likely to end up on the floor than on the {roof} Bangkok experiences 1500 {power outages} per year
61%
19.1 Stu has a sudden realization that their friend is stuck… on the hotel {rooftop} in the hotel {elevator}
61%
19.2 Why was he there? Took his {mattress} up there Went to get {ice}
61%
9.2 Chow
57%
5 They hangout drinking at the… Hotel rooftop Beach
57%
0 The movie opens with Phill calling Stacy, followed by an aerial shot of... the {Nevada} desert the coast of {Thailand} and {Bangkok}
57%
9.2 #2 Also with them is... *human a baby Chow
52%
15 a {Buddhist Monk} in a wheelchair
52%
20.1 Bangkok experiences 1500 {power outages} per year
52%
23.1 They rush to the wedding on a _______ (vehicle) Car Speedboat
52%
21 They find their friend who happens to be… (probably worst thing to happen to him in the movie) Completely {sunburnt} Missing a {finger}
52%
14 have {sex} with
52%
19.1 in the hotel {elevator}
52%
21 Missing a {finger}
52%
3 Teddy
52%
13 They discover Stu got close to… (someone) Jade, a stripper Kimmy, a ladyboy prostitute
48%
16 Returning to the hotel, they are surprised to find… Mike Tyson {Chow} (is still alive)
48%
19.2 Went to get {ice}
48%
25 ______ finds a camera/phone with pictures of the previous night. Alan Teddy
43%
5 Beach
43%
18 Stu sings a song relating what has happened so far. While playing the… Piano Guitar
43%
23.1 Speedboat
43%
10 Teddy
43%
16 {Chow} (is still alive)
39%
12 Brian Callen has a cameo in the movie, playing… {Eddie}, the {wedding chapel} owner {Samir}, a {strip club} owner
39%
4 Lauren
39%
22 The wedding is in… (Location) Los Angeles {Krabi}, Thailand
39%
24 Mr. Srisai, Lauren's father
39%
23.2 ...belonging to… Sid, Tracy and Alan's Father Chow
39%
4 _____'s brother. Tracy Lauren
39%
20.2 {Alan}, playing arcade
35%
15 On the quest to find their missing friend they mistakenly pick up… Black Doug a {Buddhist Monk} in a wheelchair
35%
20.2 Who/what makes him realize that? {Black Doug}, talking about taking roofies {Alan}, playing arcade
35%
23.2 Chow
35%
25 Teddy
35%
18 Guitar
30%
13 Kimmy, a ladyboy prostitute
30%
24 At the wedding, Stu finally stands up to… Melissa, his then-girlfriend Mr. Srisai, Lauren's father
30%
17.3 shoulder
30%
12 {Samir}, a {strip club} owner
26%
17.1 shot
26%
11 muscle relaxers and ADHD medication
17%
17.1 At some point Phil gets hurt. He is… scratched shot
17%
17.2 ...by a ... tiger russian gangster
17%
17.3 ...on the (body area) ... neck shoulder
13%
17.2 russian gangster
13%
22 {Krabi}, Thailand
9%
14 Going so far as to _______ her. merry have {sex} with
4%
No matching quizzes found
Score Distribution
Percent of People with Each Score
Percentile by Number Answered
Your Score History
You have not taken this quiz since the last reset